000
00325nam a2200133Ia 4500
005
20260326235442.0
008
260326s9999||||xx |||||||||||||| ||und||
100
_a
College Saint Pierre
245
0
_a
Peintures Haitiennes /
_c
College Saint Pierre
260
_b
Delroisse
300
_a
143 p.
650
_a
ARTE
942
_c
BK
999
_c
7448
_d
7448